Harry Potter: les Scroutts à pétard - Statistiques

Statistiques générales
  • Ce quiz a été pris 37 fois
  • Le résultat moyen est 4 sur 8
Statistiques - réponses
Information Réponses % Correct
Première apparition Harry Potter et la Coupe de Feu
97%
Dernière apparition Harry Potter et les Reliques de la Mort
94%
Créateur Rubeus Hagrid
58%
Apparence Ressemble à un homard et un scorpion, avec une carapace
45%
Taille (adulte) 3 mètres
26%
Caractère Violent et dangereux
23%
Sang Hybride (Manticore et Crabe de feu)
19%
Taille (Bébé) 15 centimètres
16%
Aucun quiz correspondant
Distribution des résultats
% des personnes avec chaque résultat
Percentile par nombre de réponses
Votre historique - résultats
Vous n’avez pas pris ce quiz